Wine Regions of Spain (typing) - Statistics

General Stats
  • This quiz has been taken 197 times
  • The average score is 13 of 18
Answers on the Map
Answers color-coded by a green-red scale on the quiz's map according to % correct below.
 
Answer Stats
Region % Correct
Rioja
100%
Catalunya
90%
Jerez
90%
Priorat
86%
Rías Baixas
86%
Ribera del Duero
86%
Navarra
82%
La Mancha
78%
Rueda
76%
Bierzo
74%
Toro
74%
Valencia
70%
Penedès
62%
Jumilla
58%
Calatayud
50%
Yecla
48%
Cariñena
46%
Valdepeñas
46%
No matching quizzes found
Score Distribution
Percent of People with Each Score
Percentile by Number Answered
Your Score History
You have not taken this quiz